000 01375nam0a22002891 4500
001 rc\2763191
005 20110915171725.4
035 _a(NLR Aleph) 006889735
090 _a7133899
_c7133899
100 _a20110915d1940 |||y0rusy50 ca
101 0 _arus
102 _aRU
105 _aa z |||||
200 1 _aСтахановские методы работы каменщиков
_e[И. Ширкова, М. Зуева, И. Третьякова и др.]
_fСоставители: И. М. Гуревич, И. И. Брагинский, М. Г. Тухман
210 _aМосква
_cПрофиздат
_d1940
215 _a32 с.
_cчерт.
_d17 см.
225 1 _aБиблиотечка стахановца
_fГл. воен.-строит. упр. при СНК СССР, Отдел рабочих кадров, труда и зарплаты
300 _aВ выпуск. данных указаны составители: И. М. Гуревич, И. И. Брагинский, М. Г. Тухман
702 1 _aБрагинский
_bИ. И.
_4220
702 1 _aТухман
_bМ. Г.
_4220
702 1 _aГуревич
_bИ. М.
_4220
712 0 1 _aСССР
_bГлавное воен.-строит. упр.
_bОтдел рабочих кадров
801 0 _aRU
_bNLR
_gpsbo
801 1 _aRU
_bELAR
_2rusmarc
852 _aNLR
_j40-9/1379
942 _cBOOK
980 _aNB